Prevenció de Riscos Laborals a l'Obra Pública Municipal [Recurs electrònic] : ponències i documentació 2006 ponències i documentació 2006
Descripción Física:
1 disc òptic (CD-ROM) ; 12 cm
MARC
| LEADER | 00000nam a2200000Ia 4500 | ||
|---|---|---|---|
| 001 | 22987 | ||
| 008 | 160829s2006 xx 000 0 cat d | ||
| 080 | |a CD-1-173 | ||
| 245 | |a Prevenció de Riscos Laborals a l'Obra Pública Municipal [Recurs electrònic] : |b ponències i documentació 2006 | ||
| 260 | |a Barcelona : |b Diputació de Barcelona. [Servei de Projectes, Obres i Manteniment], |c 2006 | ||
| 300 | |a 1 disc òptic (CD-ROM) ; |c 12 cm | ||
| 590 | |a Jornada celebrada el 24 de gener de 2006 | ||
| 650 | |a Seguretat en el treball |x Congressos |9 38298 | ||
| 650 | |a Salut en el treball |x Congressos |9 21757 | ||
| 710 | 1 | |a Barcelona (Catalunya : Província). |b Servei de Projectes, Obres i Manteniment |9 54367 | |
| 901 | |a Arxiu | ||
| 942 | |n 1 | ||
| 952 | |0 0 |1 0 |4 0 |6 CD1173 |7 1 |9 48360 |a Arxiu |b Arxiu |d 2016-12-01 |l 0 |o CD-1-173 |p 22987 |r 2016-12-01 00:00:00 |w 2016-12-01 |y ARXIU | ||
| 999 | |c 52166 |d 52166 | ||